Lilo & Stitch Experiment By Image (100-199) - Statistics

General Stats
  • This quiz has been taken 130 times
  • The average score is 13 of 20
Answer Stats
Picture Hint Answer % Correct
Experiment 149 Bonnie
96%
Experiment 150 Clyde
96%
Experiment 151 Babyfier
90%
Experiment 177 Clip
88%
Experiment 158 Finder
88%
Experiment 199 Nosy
84%
Experiment 134 Shredder
76%
Experiment 133 PJ
72%
Experiment 113 Shoe
72%
Experiment 120 Snafu
68%
Experiment 102 Stopgo
68%
Experiment 128 Bugby
64%
Experiment 123 Carmen
60%
Experiment 111 Mulch
58%
Experiment 110 Squeak
54%
Experiment 103 Stamen
44%
Experiment 112 Toons
34%
Experiment 145 Bragg
30%
Experiment 148 Weasel
30%
Experiment 122 Dorkifier
26%
No matching quizzes found
Score Distribution
Percent of People with Each Score
Percentile by Number Answered
Your Score History
You have not taken this quiz